Chicago board call options as predictors of common stock prince changes (Registro nro. 26055)
[ vista simple ]
| 000 -LEADER | |
|---|---|
| fixed length control field | 00353 a2200109 4500 |
| 001 - CONTROL NUMBER | |
| control field | ART_12050 |
| 005 - DATE AND TIME OF LATEST TRANSACTION | |
| control field | 20260410161902.0 |
| 008 - FIXED-LENGTH DATA ELEMENTS--GENERAL INFORMATION | |
| fixed length control field | 260409a |
| 100 1# - MAIN ENTRY--PERSONAL NAME | |
| Personal name | Panton, D. |
| 245 10 - TITLE STATEMENT | |
| Title | Chicago board call options as predictors of common stock prince changes |
| 773 0# - HOST ITEM ENTRY | |
| Title | Journal of econometrics |
| Related parts | - Vol. 4, Nº 2 (may. 1976) |
| Record control number | REV11720 |
No hay ítems disponibles.